[Event "Southern California-ch"]
[Site "Los Angeles"]
[Date "2001.07.21"]
[Round "7"]
[White "Khachiyan, Melikset"]
[Black "Yee, Karl Y"]
[Result "1-0"]
[WhiteElo "2480"]
[BlackElo "2297"]
[PlyCount "107"]
[EventDate "2001.07.14"]
[EventType "tourn"]
[EventRounds "7"]
[EventCountry "USA"]
[EventCategory "6"]
[SourceTitle "CBM 083 Extra"]
[Source "ChessBase"]
[SourceDate "2001.09.11"]
[SourceVersion "1"]
[SourceVersionDate "2001.09.11"]
[SourceQuality "1"]

1. e4 Nc6 2. d4 d5 3. Nc3 e6 4. Nf3 Nf6 5. e5 Ne4 6. Ne2 f5 7. exf6 Nxf6 8. Nf4 Bd6 9. Bb5 0-0 10. Bxc6 bxc6 11. Nd3 Nd7 12. 0-0 Qf6 13. Bg5 Qg6 14. Bh4 c5 15. dxc5 Nxc5 16. Nxc5 Bxc5 17. Bg3 Bd6 18. Re1 Rb8 19. b3 Rb4 20. Qd2 Rg4 21. Ne5 Bxe5 22. Rxe5 Qf7 23. Rae1 h6 24. f3 Rg6 25. Qd4 c6 26. c4 Rf6 27. cxd5 cxd5 28. R5e3 Ba6 29. Rc1 Rc8 30. Rxc8+ Bxc8 31. Rc3 Ba6 32. Qa4 Qb7 33. h4 Rg6 34. Be5 Qb6+ 35. Bd4 Qd6 36. h5 Rg5 37. Be3 Rf5 38. Qe8+ Rf8 39. Rc6 Rxe8 40. Rxd6 Bd3 41. Bxa7 Bb1 42. a3 Ba2 43. b4 Bc4 44. a4 e5 45. b5 d4 46. b6 Re7 47. Bb8 d3 48. Bc7 Ba6 49. Bd8 Re8 50. a5 e4 51. fxe4 Rxe4 52. Rxd3 Bxd3 53. b7 Rb4 54. Bb6 1-0

[Event "Southern California-ch"]
[Site "Los Angeles"]
[Date "1999.07.10"]
[Round "2"]
[White "Yee, Karl Y"]
[Black "Akopyan, Harutyun"]
[Result "1-0"]
[WhiteElo "2293"]
[BlackElo "2269"]
[PlyCount "63"]
[EventDate "1999.07.05"]
[EventType "tourn"]
[EventRounds "7"]
[EventCountry "USA"]
[EventCategory "4"]
[SourceTitle "CBM 071 Extra"]
[Source "ChessBase"]
[SourceDate "1999.09.14"]
[SourceVersion "1"]
[SourceVersionDate "1999.09.14"]
[SourceQuality "1"]

1. e4 e6 2. d4 d5 3. e5 c5 4. c3 Nc6 5. Nf3 Qb6 6. a3 Nh6 7. b4 cxd4 8. Bxh6 gxh6 9. cxd4 Bd7 10. Nc3 Nxb4 11. Rb1 Qc7 12. Qd2 Rc8 13. Nb5 Bxb5 14. Bxb5+ Nc6 15. 0-0 Rg8 16. Bxc6+ Qxc6 17. Rfc1 Qd7 18. Qa5 Rxc1+ 19. Rxc1 b6 20. Qa6 Kd8 21. h3 Be7 22. Ne1 f5 23. Nd3 Rf8 24. a4 Ke8 25. a5 Bd8 26. Rc8 Kf7 27. Ra8 Kg8 28. Rxa7 Qc6 29. Rb7 Rf7 30. Rb8 Rd7 31. Nc5 Kf7 32. Nxd7 1-0

[Event "North American op"]
[Site "Las Vegas"]
[Date "1995.??.??"]
[Round "3"]
[White "Yee, Karl Y"]
[Black "Kudrin, Sergey"]
[Result "0-1"]
[WhiteElo "2290"]
[BlackElo "2540"]
[PlyCount "56"]
[EventDate "1995.12.??"]
[EventType "swiss"]
[EventRounds "6"]
[EventCountry "USA"]
[SourceTitle "EXT 1998"]
[Source "ChessBase"]
[SourceDate "1997.11.17"]
[SourceVersion "1"]
[SourceVersionDate "1997.11.17"]
[SourceQuality "1"]

1. e4 c5 2. Nf3 d6 3. d4 cxd4 4. Nxd4 Nf6 5. Nc3 g6 6. Be3 Bg7 7. Be2 0-0 8. Qd2 Nc6 9. 0-0-0 Be6 10. Kb1 Qc8 11. Nxe6 fxe6 12. Bh6 Bxh6 13. Qxh6 Ne5 14. Qh3 g5 15. Qg3 Kh8 16. Qxg5 Qc5 17. Qh4 Rac8 18. Rd2 Qb4 19. a3 Qa5 20. Rd4 Rxc3 21. bxc3 Rc8 22. Qh3 Rxc3 23. Ra4 Qc7 24. Qxe6 Rxc2 25. Bb5 Qc3 26. Rb4 Nxe4 27. Rd1 Nd2+ 28. Rxd2 Rc1+ 0-1

[Event "US Open-84"]
[Site "Pasadena"]
[Date "1983.08.19"]
[Round "12"]
[White "Strauss, David J"]
[Black "Yee, Karl Y"]
[Result "1-0"]
[WhiteElo "2410"]
[BlackElo "2275"]
[PlyCount "75"]
[EventDate "1983.08.07"]
[EventType "swiss"]
[EventRounds "12"]
[EventCountry "USA"]
[SourceTitle "EXT 2015"]
[Source "ChessBase"]
[SourceDate "2014.11.20"]
[SourceVersion "1"]
[SourceVersionDate "2014.11.20"]
[SourceQuality "1"]

1. Nf3 f5 2. g3 Nf6 3. Bg2 d6 4. d4 e6 5. c4 Be7 6. Nc3 0-0 7. 0-0 Qe8 8. b3 a5 9. Bb2 c6 10. e3 Na6 11. Qe2 Bd7 12. e4 fxe4 13. Nxe4 Qh5 14. Rfe1 Nxe4 15. Qxe4 Rae8 16. c5 dxc5 17. Ne5 Bc8 18. Rad1 Nb4 19. dxc5 Bxc5 20. Bd4 Bxd4 21. Rxd4 Nxa2 22. Qe3 Rd8 23. Rh4 Qe8 24. Be4 h6 25. Bb1 Nb4 26. Qe4 Rf5 27. g4 Rxe5 28. Qh7+ Kf8 29. Rxe5 Rd1+ 30. Kg2 Qd8 31. Rh3 Nd5 32. Rf3+ Nf6 33. g5 hxg5 34. Rxg5 Rg1+ 35. Kxg1 Qd1+ 36. Kg2 Qxf3+ 37. Kxf3 Nxh7 38. Bxh7 1-0